Statystyki dla Stacje Kolei Śląskich: S3

Kliknij tutaj aby rozwiązać quiz!

Ogólne statystyki

  • Ten quiz został rozwiązany 26 razy
  • Średni wynik to 8 z 11

Statystyki odpowiedzi

Nazwa% Poprawnych
1Katowice
100%
5Jaworzno Szczakowa
79%
3Katowice Szopienice Południowe
79%
11Kraków Główny
79%
4Mysłowice
79%
7Trzebinia
79%
2Katowice Zawodzie
71%
8Krzeszowice
71%
6Jaworzno Ciężkowice
54%
10Kraków Łobzów
50%
9Kraków Bronowice
42%

Rozkład punktacji

Percentyl według liczby udzielonych odpowiedzi

Procent ludzi z każdym wynikiem

Twoja historia wyników

Nie rozwiązałeś tego quizu